000 00648cam a2200229 4500500
005 20260405002227.0
041 _afre
042 _adc
100 1 0 _aEltchaninoff, Michel
_eauthor
245 0 0 _aJoue-la comme Socrate !
260 _c2016.
500 _a28
690 _aDissidence
690 _aMaurice Merleau-Ponty
690 _aphilo
690 _aphilosophie
690 _aPlaton
690 _aRésistance
690 _aSocrate
786 0 _nPhilosophie magazine | 100 | 6 | 2016-06-01 | p. 23-24 | 1951-1787
856 4 1 _uhttps://shs.cairn.info/magazine-philosophie-magazine-2016-6-page-23?lang=fr&redirect-ssocas=7080
999 _c2055587
_d2055587